<?xml version="1.0" encoding="UTF-8"?>
<record
    xmlns:xsi="http://www.w3.org/2001/XMLSchema-instance"
    xsi:schemaLocation="http://www.loc.gov/MARC21/slim http://www.loc.gov/standards/marcxml/schema/MARC21slim.xsd"
    xmlns="http://www.loc.gov/MARC21/slim">

  <leader>02676nam a2200337 a 4500</leader>
  <controlfield tag="003">OSt</controlfield>
  <controlfield tag="005">20250618111423.0</controlfield>
  <controlfield tag="007">cr ||||||a|a|a</controlfield>
  <controlfield tag="008">250616s2025    mx a|||fom||| 001 0 spa d</controlfield>
  <datafield tag="040" ind1=" " ind2=" ">
    <subfield code="e">rda</subfield>
  </datafield>
  <datafield tag="100" ind1="1" ind2=" ">
    <subfield code="a">Solano Cano, Aristotele</subfield>
    <subfield code="9">190467</subfield>
  </datafield>
  <datafield tag="245" ind1="1" ind2="0">
    <subfield code="a">Analisis y pron&#xF3;sticos de precios futuros interncionales del caf&#xE9; (Coffea arabica) aplicando el m&#xE9;todo de Box &amp; Jenkins y redes neuronales LSTM /</subfield>
    <subfield code="c">por Aristotele Solano Cano; director de tesis Roselia Serv&#xED;n Ju&#xE1;rez; secretario Josafhat Salinas Cruz; vocal Gabriel Arc&#xE1;ngel Rodr&#xED;guez Yam; suplente Alejandro Corona Ambr&#xED;z; suplente Carlos Leopoldo C&#xED;ntora Gonz&#xE1;lez.</subfield>
  </datafield>
  <datafield tag="264" ind1=" " ind2="1">
    <subfield code="a">Chapingo, M&#xE9;xico :</subfield>
    <subfield code="b">El autor,</subfield>
    <subfield code="c">2024.</subfield>
  </datafield>
  <datafield tag="300" ind1=" " ind2=" ">
    <subfield code="a">1 recurso en l&#xED;nea (71 p&#xE1;ginas):</subfield>
    <subfield code="b">cuadros, figuras.</subfield>
  </datafield>
  <datafield tag="336" ind1=" " ind2=" ">
    <subfield code="2">rdacontent</subfield>
    <subfield code="a">texto</subfield>
    <subfield code="b">txt</subfield>
  </datafield>
  <datafield tag="337" ind1=" " ind2=" ">
    <subfield code="2">rdamedia</subfield>
    <subfield code="a">computadora</subfield>
    <subfield code="b">c</subfield>
  </datafield>
  <datafield tag="338" ind1=" " ind2=" ">
    <subfield code="2">rdacarrier</subfield>
    <subfield code="a">recurso en l&#xED;nea</subfield>
    <subfield code="b">cr</subfield>
  </datafield>
  <datafield tag="502" ind1=" " ind2=" ">
    <subfield code="b">LEs</subfield>
    <subfield code="c">DICIFO</subfield>
    <subfield code="d">2024.</subfield>
    <subfield code="g">LIC</subfield>
  </datafield>
  <datafield tag="504" ind1=" " ind2=" ">
    <subfield code="a">Incluye referencias bibliogr&#xE1;ficas: p&#xE1;ginas 59-60.</subfield>
  </datafield>
  <datafield tag="520" ind1=" " ind2=" ">
    <subfield code="a">El objetivo de la presente investigaci&#xF3;n fue analizar y pronosticar los precios futuros internacionales del caf&#xE9; durante 2010-2023. Para lograr este objetivo se utilizaron los m&#xE9;todos de Box &amp; Jenkins y Redes Neuronales Artificiales LSTM. Los resultados fueron: (1) Existe una alta volatilidad de los precios internaciones debido a que la serie no es estacionaria (p valor &gt; 0.05), (2) los modelos Box &amp; Jenkins y RNA LSTM pronosticaron precios de forma aceptable, (3) el modelo de RNA LSTM es superior en pronosticar precios anuales en relaci&#xF3;n al modelo Box &amp; Jenkins debido a que el modelo de RNA puede seguir mejorando sus par&#xE1;metros con varias iteraciones, (4) para pronosticar precios semanales; ambos modelos arrojaron buenos resultados. Se concluye que se requiere medidas preventivas para reducir los efectos negativos de una alta volatilidad de los precios internaciones del caf&#xE9; y que es posible mejorar los pron&#xF3;sticos de precios internacionales probando con diferentes tipos de intervalos de datos.</subfield>
  </datafield>
  <datafield tag="650" ind1=" " ind2="4">
    <subfield code="a">Caf&#xE9;</subfield>
    <subfield code="x">Aspectos econ&#xF3;micos</subfield>
    <subfield code="9">17090</subfield>
  </datafield>
  <datafield tag="650" ind1=" " ind2="4">
    <subfield code="a">Precios</subfield>
    <subfield code="x">Estad&#xED;sticas</subfield>
    <subfield code="9">91346</subfield>
  </datafield>
  <datafield tag="650" ind1=" " ind2="4">
    <subfield code="a">Caf&#xE9;</subfield>
    <subfield code="x">An&#xE1;lisis cuantitativo  </subfield>
    <subfield code="9">148845</subfield>
  </datafield>
  <datafield tag="700" ind1="1" ind2=" ">
    <subfield code="a">Serv&#xED;n Ju&#xE1;rez, Roselia</subfield>
    <subfield code="e">director de tesis</subfield>
    <subfield code="9">105346</subfield>
  </datafield>
  <datafield tag="700" ind1="1" ind2=" ">
    <subfield code="a">Salinas Cruz, Josafhat</subfield>
    <subfield code="9">190671</subfield>
    <subfield code="e">secretario.</subfield>
  </datafield>
  <datafield tag="700" ind1="1" ind2=" ">
    <subfield code="a">Rodr&#xED;guez Yam, Gabriel Arcangel</subfield>
    <subfield code="9">189086</subfield>
    <subfield code="e">vocal.</subfield>
  </datafield>
  <datafield tag="700" ind1="1" ind2=" ">
    <subfield code="a">Corona Ambr&#xED;z, Alejandro</subfield>
    <subfield code="9">28098</subfield>
    <subfield code="e">suplente.</subfield>
  </datafield>
  <datafield tag="700" ind1="1" ind2=" ">
    <subfield code="a">C&#xED;ntora Gonz&#xE1;lez, Carlos Leopoldo</subfield>
    <subfield code="e">suplente.</subfield>
    <subfield code="9">185269</subfield>
  </datafield>
  <datafield tag="856" ind1=" " ind2=" ">
    <subfield code="u">http://10.13.5.2/tesis/tl/1512530-2_SOLANO_CANO_ARISTOTELE.pdf</subfield>
    <subfield code="z">DESCARGAR PDF</subfield>
  </datafield>
  <datafield tag="942" ind1=" " ind2=" ">
    <subfield code="2">Clasificaci&#xF3;n Universidad Aut&#xF3;noma Chapingo</subfield>
    <subfield code="c">TD</subfield>
  </datafield>
  <datafield tag="999" ind1=" " ind2=" ">
    <subfield code="c">220626</subfield>
    <subfield code="d">220626</subfield>
  </datafield>
  <datafield tag="952" ind1=" " ind2=" ">
    <subfield code="0">0</subfield>
    <subfield code="1">0</subfield>
    <subfield code="2">local</subfield>
    <subfield code="4">0</subfield>
    <subfield code="5">1</subfield>
    <subfield code="7">0</subfield>
    <subfield code="8">TesDigL</subfield>
    <subfield code="a">BD</subfield>
    <subfield code="b">BD</subfield>
    <subfield code="c">E_L</subfield>
    <subfield code="d">2025-06-16</subfield>
    <subfield code="l">0</subfield>
    <subfield code="o">Tesis digital</subfield>
    <subfield code="r">2025-06-16 15:23:04</subfield>
    <subfield code="w">2025-06-16</subfield>
    <subfield code="y">TD</subfield>
  </datafield>
</record>
